000 00410pab a2200169 454500
008 180718b2010 xxu||||| |||| 00| 0 eng d
100 _aDashora, Kamini
245 _aYouth agitations in India: Dilemma and directions
260 _c2010
300 _ap.117-126.
362 _aApr-Jun and Jul-Sep
650 _aYouth - India
650 _aYouth
773 _aISDA Journal
908 _aN
909 _a91052
999 _c91052
_d91052